Emmy Nominees (2013) Quiz Stats

 Plays Quiz Updated Sep 27, 2018

Challenge
Share
Tweet
Embed
Score 0/90 Timer 15:00
0 Plays Today
Category Answer % Correct
Best ComedyModern Family
76.2%
Best DramaBreaking Bad
69.1%
Best DramaMad Men
68.9%
Best ComedyThe Big Bang Theory
64.9%
Best DramaGame of Thrones
62%
Best DramaHouse of Cards
59.6%
Best Comedy30 Rock
55.8%
Best DramaDownton Abbey
55.2%
Best Actor, Drama SeriesJon Hamm, Mad Men
49.5%
Best Actor, Drama SeriesKevin Spacey, House of Cards
47.3%
Best Actor, Drama SeriesBryan Cranston, Breaking Bad
47%
Best DramaHomeland
44%
Best ComedyVeep
42.5%
Best Actress, Comedy SeriesTina Fey, 30 Rock
42%
Best ComedyGirls
38.9%
Best Actor, Comedy SeriesJim Parsons, The Big Bang Theory
36.3%
Best Actress, Comedy SeriesJulia Louis-Dreyfus, Veep
35.3%
Best Actor, Comedy SeriesAlec Baldwin, 30 Rock
35.3%
Best Actress, Drama SeriesClaire Danes, Homeland
35%
Best Reality Competition ProgramThe Amazing Race
33.7%
Best ComedyLouie
33.6%
Best Actress, Comedy SeriesAmy Poehler, Parks and Recreation
32.8%
Best Supporting Actress, Drama SeriesMaggie Smith, Downton Abbey
31.4%
Best Variety SeriesThe Daily Show
31.4%
Best Variety SeriesThe Colbert Report
31%
Best Supporting Actor, Drama SeriesPeter Dinklage, Game of Thrones
28.9%
Best Supporting Actor, Drama SeriesAaron Paul, Breaking Bad
28.7%
Best Actor, Comedy SeriesJason Bateman, Arrested Development
28.6%
Best Supporting Actress, ComedySofia Vergara, Modern Family
28.4%
Best Variety SeriesSaturday Night Live
27.8%
Category Answer % Correct
Best Actress, Drama SeriesRobin Wright, House of Cards
27.3%
Best Actress, Comedy SeriesLena Dunham, Girls
27.1%
Best Reality Competition ProgramThe Voice
26.2%
Best Actress, Drama SeriesElisabeth Moss, Mad Men
25.7%
Best Actress, Miniseries or MovieElisabeth Moss, Top of the Lake
25.7%
Best Supporting Actress, ComedyJulie Bowen, Modern Family
24.9%
Best Actor, Comedy SeriesLouis C.K., Louie
24.3%
Best Supporting Actor, Comedy SeriesEd O’Neill, Modern Family
23.6%
Best Miniseries or Made-for-TV MovieAmerican Horror Story: Asylum
23.3%
Best Actor, Drama SeriesDamian Lewis, Homeland
23%
Best Supporting Actor, Comedy SeriesTy Burrell, Modern Family
22.4%
Best Reality Competition ProgramProject Runway
21.7%
Best Actress, Drama SeriesKerry Washington, Scandal
21.5%
Best Variety SeriesLate Night With Jimmy Fallon
21.1%
Best Reality Competition ProgramTop Chef
21%
Best Actor, Miniseries or MovieMatt Damon, Behind the Candelabra
21%
Best Actress, Comedy SeriesEdie Falco, Nurse Jackie
20.9%
Best Reality Competition ProgramDancing with the Stars
20.7%
Best Supporting Actor, Comedy SeriesJesse Tyler Ferguson, Modern Family
20.5%
Best Actor, Miniseries or MovieMichael Douglas, Behind the Candelabra
20.2%
Best Miniseries or Made-for-TV MovieBehind the Candelabra
19.6%
Best Supporting Actress, Drama SeriesAnna Gunn, Breaking Bad
19.3%
Best Supporting Actress, Drama SeriesChristina Hendricks, Mad Men
19.2%
Best Actor, Miniseries or MovieToby Jones, The Girl
18%
Best Reality Competition ProgramSo You Think You Can Dance
17.1%
Best Actress, Miniseries or MovieJessica Lange, American Horror Story: Asylum
16.8%
Best Miniseries or Made-for-TV MovieTop of the Lake
16.7%
Best Actress, Drama SeriesMichelle Dockery, Downton Abbey
16.4%
Best Actor, Drama SeriesHugh Bonneville, Downton Abbey
16.3%
Best Supporting Actress, Drama SeriesEmilia Clarke, Game of Thrones
16.2%
Category Answer % Correct
Best Supporting Actress, ComedyMayim Bialik, The Big Bang Theory
15.4%
Best Supporting Actor, Drama SeriesMandy Patinkin, Homeland
15%
Best Actor, Drama SeriesJeff Daniels, The Newsroom
14.9%
Best Actor, Comedy SeriesDon Cheadle, House of Lies
14.9%
Best Supporting Actor, Comedy SeriesTony Hale, Veep
14.5%
Best Supporting Actress, ComedyJane Krakowski, 30 Rock
13.8%
Best Variety SeriesJimmy Kimmel Live
13.8%
Best Miniseries or Made-for-TV MovieThe Bible
13.6%
Best Actress, Comedy SeriesLaura Dern, Enlightened
13.5%
Best Variety SeriesReal Time with Bill Maher
13.3%
Best Actor, Comedy SeriesMatt LeBlanc, Episodes
12.6%
Best Actress, Drama SeriesConnie Britton, Nashville
12.5%
Best Actor, Miniseries or MovieAl Pacino, Phil Spector
12.5%
Best Actress, Drama SeriesVera Farmiga, Bates Motel
12.1%
Best Actress, Miniseries or MovieSigourney Weaver, Political Animals
11.3%
Best Supporting Actress, ComedyAnna Chlumsky, Veep
11.2%
Best Miniseries or Made-for-TV MoviePhil Spector
11.2%
Best Miniseries or Made-for-TV MoviePolitical Animals
11.1%
Best Actress, Miniseries or MovieLaura Linney, The Big C Hereafter
11%
Best Supporting Actress, ComedyJane Lynch, Glee
10.6%
Best Supporting Actress, Drama SeriesChristine Baranski, The Good Wife
10.5%
Best Supporting Actor, Comedy SeriesAdam Driver, Girls
10.4%
Best Actress, Miniseries or MovieHelen Mirren, Phil Spector
10%
Best Supporting Actor, Drama SeriesJonathan Banks, Breaking Bad
10%
Best Supporting Actor, Comedy SeriesBill Hader, SNL
9.4%
Best Actor, Miniseries or MovieBenedict Cumberbatch, Parade's End
8.9%
Best Supporting Actress, Drama SeriesMorena Baccarin, Homeland
8.8%
Best Supporting Actor, Drama SeriesJim Carter, Downton Abbey
8.6%
Best Supporting Actor, Drama SeriesBobby Cannavale, Boardwalk Empire
7.9%
Best Supporting Actress, ComedyMerritt Wever, Nurse Jackie
7.8%

You're not logged in!

Compare scores with friends on all Sporcle quizzes.
OR
Log In

You Might Also Like...

Show Comments

Extras

Top Quizzes Today


Score Distribution

Your Account Isn't Verified!

In order to create a playlist on Sporcle, you need to verify the email address you used during registration. Go to your Sporcle Settings to finish the process.

Report this User

Report this user for behavior that violates our Community Guidelines.

Details: